[Event "EThessaloniki SSTH HALK-ch U16"]
[Site "Thessaloniki"]
[Date "2017.10.08"]
[Round "2.2"]
[White "Delaveridis, Dimitrios"]
[Black "Batsis, Lazaros"]
[Result "1-0"]
[WhiteElo "1342"]
[BlackElo "1146"]
[PlyCount "105"]
[EventDate "2017.10.01"]
[EventType "swiss"]
[EventRounds "6"]
[EventCountry "GRE"]
[SourceTitle "EXT 2024"]
[Source "ChessBase"]
[SourceDate "2023.10.10"]
[SourceVersion "1"]
[SourceVersionDate "2023.10.10"]
[SourceQuality "1"]

1. e4 c6 2. d4 d5 3. Nc3 dxe4 4. Nxe4 Bf5 5. Ng3 Bg6 6. h4 h6 7. Nf3 Nd7 8. Bd3 Bxd3 9. Qxd3 Ngf6 10. Bd2 e6 11. 0-0-0 Bd6 12. Ne4 Nxe4 13. Qxe4 Qb6 14. Qg4 g6 15. Nh2 Be7 16. Qf3 Nf6 17. c3 Qa6 18. Kb1 b5 19. Ng4 Nxg4 20. Qxg4 h5 21. Qf3 Rb8 22. Qd3 Qb6 23. Be3 Qb7 24. Bf4 Rd8 25. Qc2 Bd6 26. Be5 Bxe5 27. dxe5 Rd5 28. f4 Ke7 29. Qb3 Rhd8 30. Rxd5 cxd5 31. Qb4+ Ke8 32. a4 a6 33. axb5 axb5 34. Rd1 Rc8 35. Rd4 Qa6 36. Kc2 Rc6 37. Qa3 Qxa3 38. bxa3 Rc4 39. Kb3 Kd7 40. Rxc4 dxc4+ 41. Kb4 Kc6 42. g3 Kb6 43. a4 bxa4 44. Kxa4 Kc5 45. Ka5 Kc6 46. Kb4 Kb6 47. Kxc4 Kc6 48. Kb4 Kb6 49. c4 Kc6 50. c5 Kb7 51. Kb5 Kc7 52. c6 Kb8 53. Kb6 1-0

[Event "GRE-chT U16 9th"]
[Site "Thessaloniki"]
[Date "2016.12.17"]
[Round "5.3"]
[White "Leftheriotis, Alexandros"]
[Black "Delaveridis, Dimitrios"]
[Result "1-0"]
[WhiteElo "1739"]
[BlackElo "1123"]
[PlyCount "59"]
[EventDate "2016.12.15"]
[EventType "team-swiss"]
[EventRounds "6"]
[EventCountry "GRE"]
[SourceTitle "CBM 176 Extra"]
[Source "ChessBase"]
[SourceDate "2017.03.02"]
[SourceVersion "1"]
[SourceVersionDate "2017.03.02"]
[SourceQuality "1"]
[WhiteTeam "Kerkiras"]
[BlackTeam "Oreokastrou"]
[WhiteTeamCountry "GRE"]
[BlackTeamCountry "GRE"]

1. e4 e6 2. Nf3 c5 3. d4 cxd4 4. c3 dxc3 5. Nxc3 Bb4 6. Bc4 Bxc3+ 7. bxc3 Qc7 8. Qd4 f6 9. Ba3 Ne7 10. Bxe7 Kxe7 11. 0-0 b6 12. e5 Nc6 13. Qg4 Kf7 14. exf6 gxf6 15. Qh5+ Kg7 16. Rfe1 d5 17. Bd3 e5 18. c4 Nb4 19. Nxe5 Nxd3 20. Nxd3 dxc4 21. Nf4 Qf7 22. Qh4 Rf8 23. Rad1 Bf5 24. g4 Bc8 25. Nh5+ Kh8 26. Rd6 f5 27. Re7 Qg8 28. Nf6 Qxg4+ 29. Qxg4 Rxf6 30. Qg7# 1-0